000 00529nam a22001697a 4500
005 20251108164841.0
008 250721s1969 xx 000 0 ara d
082 1 4 _a814/عبد
100 1 _aياغي، عبد الرحمن
245 1 0 _aرأي في المقامات /
264 1 _aبيروت :
_bالمكتب التجاري للطباعة و النشر و التوزيع،
_c1969.
300 _a132ص
650 1 7 _aالمقامات العربية
650 1 7 _aالأدب العربي
942 _2ddc
_cBK
999 _c15851
_d15851